[Event "3MCR_4D_1L_3S"]
[Site "?"]
[Date "1999.??.??"]
[Round "3"]
[White "Hybl, Vladislav"]
[Black "Vicenec, Roman"]
[Result "1/2-1/2"]
[WhiteElo "2200"]
[BlackElo "2000"]
[PlyCount "85"]
[EventDate "1999.??.??"]
[EventType "corr"]

1. d4 d5 2. c4 e6 3. Nc3 Nf6 4. Bg5 Be7 5. e3 O-O 6. Nf3 h6 7. Bh4 b6 8. Rc1
Bb7 9. cxd5 Nxd5 10. Bxe7 Qxe7 11. Be2 Rc8 12. O-O Nf6 13. Ne5 c5 14. dxc5 Rxc5
15. Nd3 Rc7 16. Bf3 Nc6 17. Nb5 Rcc8 18. Qa4 e5 19. Nc3 Rc7 20. Nd5 Nxd5 21.
Bxd5 Rd8 22. e4 a6 23. Rfd1 Rdc8 24. f3 Qg5 25. Kh1 Qf6 26. Rc3 b5 27. Qa3 Nd8
28. Rdc1 Rxc3 29. Rxc3 Rxc3 30. Qxc3 Bxd5 31. exd5 Qf5 32. Kg1 e4 33. Qe5 Qxe5
34. Nxe5 exf3 35. Nc6 Nb7 36. g4 Kf8 37. Kf2 Nc5 38. Kxf3 Na4 39. Nb4 Nxb2 40.
Nxa6 Ke7 41. Nc7 Kd6 42. Nxb5+ Kxd5 43. Kf4 1/2-1/2

[Event "3MCR_4D_1L_3S"]
[Site "?"]
[Date "1999.??.??"]
[Round "3"]
[White "Svihel, Karel"]
[Black "Fiala, Jaroslav"]
[Result "0-1"]
[WhiteElo "2300"]
[BlackElo "2445"]
[PlyCount "94"]
[EventDate "1999.??.??"]
[EventType "corr"]

1. Nf3 g6 2. e4 Bg7 3. d4 d6 4. c4 Nd7 5. Nc3 e5 6. Be2 Ngf6 7. O-O O-O 8. Re1
c6 9. Bf1 exd4 10. Nxd4 Re8 11. Bf4 Ne5 12. Qd2 Nh5 13. Bh6 Bxh6 14. Qxh6 Qf6
15. Qd2 Nf4 16. Nce2 Ne6 17. b3 Nc5 18. Nc3 Rd8 19. Rad1 a5 20. Qe3 g5 21. Rd2
h5 22. Be2 Qg6 23. Red1 f6 24. f4 Nf7 25. a3 Re8 26. Re1 f5 27. exf5 Bxf5 28.
Qf2 gxf4 29. Nxf5 Qxf5 30. b4 axb4 31. axb4 Ne4 32. Nxe4 Rxe4 33. Rf1 Ne5 34.
Rxd6 Ra2 35. Bg4 Qxg4 36. Qxa2 Re2 37. Qa8+ Kg7 38. Qxb7+ Nf7 39. Qxc6 Nxd6 40.
h3 Qe6 41. c5 Qe3+ 42. Kh1 Nf5 43. Qc7+ Kg6 44. Qb6+ Kg5 45. Qd8+ Ne7 46. Qh8
Qe4 47. Rg1 Rc2 0-1

[Event "3MCR_4D_1L_3S"]
[Site "?"]
[Date "1999.??.??"]
[Round "3"]
[White "Svihel, Karel"]
[Black "Hladecek, Miloslav"]
[Result "1-0"]
[WhiteElo "2300"]
[BlackElo "2135"]
[PlyCount "93"]
[EventDate "1999.??.??"]
[EventType "corr"]

1. e4 e5 2. Nf3 Nc6 3. Bb5 a6 4. Ba4 Nf6 5. O-O Be7 6. Re1 b5 7. Bb3 O-O 8. a4
Bb7 9. d3 d6 10. Nc3 Na5 11. Ba2 b4 12. Ne2 c5 13. c3 Nc6 14. Ng3 Rb8 15. Nf5
Qd7 16. Bg5 Bd8 17. Qd2 Ne8 18. Bxd8 Qxd8 19. d4 bxc3 20. bxc3 exd4 21. cxd4
Bc8 22. dxc5 Bxf5 23. exf5 dxc5 24. Qc3 Nb4 25. Bc4 Nf6 26. Rad1 Qc8 27. h3
Qxf5 28. Re5 Qc8 29. Rxc5 Qe8 30. Rc7 Qxa4 31. Qd4 Rbe8 32. Ra1 Qc2 33. Qa7 Ra8
34. Qc5 Qb2 35. Re1 Rad8 36. Rxf7 Rxf7 37. Bxf7+ Kh8 38. Be8 Nd3 39. Qf8+ Ng8
40. Ng5 Qf6 41. Nf7+ Qxf7 42. Qxf7 Nxe1 43. Ba4 Rb8 44. Qf5 Rb4 45. Bd1 Rb5 46.
Qe4 Rb1 47. Qxb1 1-0

[Event "3MCR_4D_1L_3S"]
[Site "?"]
[Date "1999.??.??"]
[Round "3"]
[White "Hala, Martin"]
[Black "Symersky, Petr"]
[Result "1-0"]
[WhiteElo "2435"]
[BlackElo "2200"]
[PlyCount "91"]
[EventDate "1999.??.??"]
[EventType "corr"]

1. e4 e5 2. Nf3 Nc6 3. Bb5 a6 4. Ba4 Nf6 5. O-O Be7 6. Re1 b5 7. Bb3 O-O 8. c3
d6 9. h3 Na5 10. Bc2 c5 11. d4 Qc7 12. Nbd2 cxd4 13. cxd4 Bd7 14. Nf1 Rac8 15.
Re2 Rfe8 16. d5 h6 17. Ng3 Qb8 18. b3 Bd8 19. Bd3 Nb7 20. b4 Bb6 21. Nh4 a5 22.
a3 Kh7 23. Nhf5 Ng8 24. Rc2 Rxc2 25. Qxc2 g6 26. Ne3 Bd4 27. Rb1 axb4 28. axb4
Rc8 29. Qe2 Qa7 30. Qf3 Nd8 31. Ne2 Bb6 32. Nc2 f6 33. Ra1 Qb8 34. Bb2 Nf7 35.
Nc3 Ng5 36. Qe2 Ne7 37. Kh2 f5 38. f3 Rf8 39. Rf1 f4 40. Bxb5 Bc8 41. Bc6 Nf7
42. Na4 Ng5 43. Nxb6 Qxb6 44. b5 h5 45. Qf2 Qd8 46. b6 1-0

[Event "3MCR_4D_1L_3S"]
[Site "?"]
[Date "1999.??.??"]
[Round "3"]
[White "Hladecek, Miloslav"]
[Black "Hybl, Vladislav"]
[Result "1/2-1/2"]
[WhiteElo "2135"]
[BlackElo "2200"]
[PlyCount "83"]
[EventDate "1999.??.??"]
[EventType "corr"]

1. d4 c5 2. d5 e5 3. e4 d6 4. Nc3 a6 5. Nf3 g6 6. Bd3 Ne7 7. O-O Bg7 8. a4 O-O
9. Nd2 Nd7 10. f3 f5 11. Re1 b6 12. Ne2 Nf6 13. c4 f4 14. b3 Bd7 15. Bb1 Nh5
16. Bc2 g5 17. Bb2 g4 18. Nc3 Nf6 19. Bd3 Ng6 20. Be2 gxf3 21. Nxf3 Ng4 22. Qd3
Nh4 23. Rf1 Ne3 24. Rf2 Nxf3+ 25. Bxf3 Qh4 26. Bc1 Ng4 27. Bxg4 Bxg4 28. Bd2
Rf6 29. Raf1 Rg6 30. Ne2 f3 31. Rxf3 Bxf3 32. Rxf3 Rf8 33. Rxf8+ Bxf8 34. Ng3
Qg4 35. Be1 Bh6 36. h3 Qg5 37. Qc2 Qh4 38. Qf2 a5 39. Nf5 Qxf2+ 40. Bxf2 Kf8
41. h4 Rf6 42. g4 1/2-1/2

[Event "3MCR_4D_1L_3S"]
[Site "?"]
[Date "1999.??.??"]
[Round "3"]
[White "Adamcik, Martin"]
[Black "Hladecek, Miloslav"]
[Result "1-0"]
[WhiteElo "2215"]
[BlackElo "2135"]
[PlyCount "117"]
[EventDate "1999.??.??"]
[EventType "corr"]

1. d4 Nf6 2. c4 e6 3. Nc3 Bb4 4. Qc2 O-O 5. a3 Bxc3+ 6. Qxc3 b6 7. Bg5 Bb7 8.
e3 d6 9. f3 Nbd7 10. Nh3 c5 11. e4 h6 12. Be3 d5 13. cxd5 exd5 14. e5 Ne8 15.
b4 cxd4 16. Bxd4 Rc8 17. Qb2 Nc7 18. Bd3 Qh4+ 19. Qf2 Qxf2+ 20. Kxf2 Rfe8 21.
Rhe1 Ne6 22. Bb2 g5 23. g3 a6 24. f4 g4 25. Ng1 b5 26. h3 gxh3 27. Nxh3 Nb6 28.
f5 Na4 29. fxe6 Nxb2 30. exf7+ Kxf7 31. Nf4 Nxd3+ 32. Nxd3 Rc2+ 33. Ke3 Rg8 34.
Rg1 Rg5 35. Raf1+ Ke7 36. Nc5 Ba8 37. e6 Rg7 38. Rf4 Ra2 39. Kd4 Rxa3 40. Rgf1
Rgxg3 41. Rf7+ Kd6 42. Rd7+ Kc6 43. Rd8 Rg4+ 44. Ke5 Re3+ 45. Kf6 Rxb4 46. Nd7
Bb7 47. Rc1+ Rc4 48. Rxc4+ dxc4 49. Ne5+ Kc5 50. e7 Bc6 51. Rc8 Kd4 52. Nxc6+
Kd5 53. Nb4+ Kd6 54. Rd8+ Kc5 55. Nxa6+ Kc6 56. Nb4+ Kc5 57. Rd5+ Kxb4 58. Re5
Rxe5 59. Kxe5 1-0

[Event "3MCR_4D_1L_3S"]
[Site "?"]
[Date "1999.??.??"]
[Round "3"]
[White "Novak, Jindrich"]
[Black "Adamcik, Martin"]
[Result "0-1"]
[WhiteElo "2160"]
[BlackElo "2215"]
[PlyCount "96"]
[EventDate "1999.??.??"]
[EventType "corr"]

1. d4 Nf6 2. c4 g6 3. g3 Bg7 4. Bg2 O-O 5. Nc3 d6 6. Nf3 c5 7. O-O Nc6 8. d5
Na5 9. Nd2 a6 10. Qc2 Rb8 11. b3 b5 12. Bb2 Bh6 13. Ncb1 bxc4 14. bxc4 Bd7 15.
Bc3 Bg7 16. Na3 Rb4 17. Qd3 Ra4 18. Nc2 Qc7 19. Rfb1 e6 20. Ne3 e5 21. Nb3 e4
22. Bxa5 Rxa5 23. Qc3 Ra3 24. Qc1 Ra4 25. a3 Ng4 26. Ra2 Nxe3 27. fxe3 f5 28.
Nd2 Rb8 29. Rxb8+ Qxb8 30. Qc2 Be5 31. Bh3 Be8 32. Kf2 h5 33. Bg2 Qb6 34. Nb3
Qd8 35. Qc1 Qg5 36. Nd2 h4 37. Nf1 Qh6 38. Qc2 hxg3+ 39. hxg3 g5 40. Qb3 f4 41.
Bxe4 fxg3+ 42. Kg1 Qf6 43. Bf3 g4 44. Bg2 Qf2+ 45. Kh1 Qe1 46. Qb8 Kf8 47. Rb2
Qf2 48. Rb7 Qf6 0-1

[Event "3MCR_4D_1L_3S"]
[Site "?"]
[Date "1999.??.??"]
[Round "3"]
[White "Fiala, Jaroslav"]
[Black "Riha, Jan"]
[Result "1/2-1/2"]
[WhiteElo "2445"]
[BlackElo "2305"]
[PlyCount "103"]
[EventDate "1999.??.??"]
[EventType "corr"]

1. e4 e5 2. Nf3 Nf6 3. Nc3 Bb4 4. Nxe5 O-O 5. Be2 Re8 6. Nd3 Bxc3 7. dxc3 Nxe4
8. Nf4 d6 9. O-O Nd7 10. c4 Ndf6 11. f3 Nc5 12. b3 Qe7 13. Rf2 Qe5 14. Rb1 Bd7
15. Bf1 Ne6 16. Nd3 Qh5 17. Bb2 a5 18. Qd2 Bc6 19. Re1 Qg6 20. Re3 b6 21. Rfe2
h6 22. Qe1 Qg5 23. g3 Qf5 24. Bg2 Qg6 25. a4 Rad8 26. g4 h5 27. h3 hxg4 28.
hxg4 Qh6 29. Bc1 Qg6 30. Bb2 Qh6 31. Qg3 Ng5 32. f4 Nge4 33. Qf3 Ba8 34. Re1
Nc5 35. Rxe8+ Nxe8 36. Qg3 Bxg2 37. Kxg2 Nxd3 38. cxd3 d5 39. g5 Qd6 40. Rh1
Qe6 41. Kf2 Qf5 42. Qh4 f6 43. gxf6 Nxf6 44. Qh8+ Kf7 45. Qxd8 Qxf4+ 46. Ke2
Qg4+ 47. Kd2 Qg2+ 48. Kc3 Qxh1 49. Qxc7+ Kg6 50. Qg3+ Kf7 51. Kd2 dxc4 52. bxc4
1/2-1/2

[Event "3MCR_4D_1L_3S"]
[Site "?"]
[Date "1999.??.??"]
[Round "3"]
[White "Riha, Jan"]
[Black "Adamcik, Martin"]
[Result "1/2-1/2"]
[WhiteElo "2305"]
[BlackElo "2215"]
[PlyCount "88"]
[EventDate "1999.??.??"]
[EventType "corr"]

1. e4 c5 2. Nf3 Nc6 3. d4 cxd4 4. Nxd4 Nf6 5. Nc3 e5 6. Ndb5 d6 7. Bg5 a6 8.
Na3 b5 9. Bxf6 gxf6 10. Nd5 Bg7 11. Bd3 Ne7 12. Nxe7 Qxe7 13. c3 f5 14. Nc2 Qb7
15. Qf3 O-O 16. Ne3 f4 17. Nd5 Be6 18. g4 b4 19. c4 Bxd5 20. exd5 e4 21. Bxe4
Bxb2 22. Rb1 Be5 23. h4 Kh8 24. O-O Rg8 25. Bf5 a5 26. Rfe1 Qe7 27. Qh3 Qf6 28.
Kh1 a4 29. g5 Qg7 30. Re2 b3 31. axb3 a3 32. Ra2 Bb2 33. Rg1 Rge8 34. Qf3 Qe5
35. Bb1 Ra7 36. b4 Rc7 37. Qh5 f6 38. Bf5 Rg8 39. Be6 Rg6 40. c5 dxc5 41. bxc5
Rxc5 42. Bf7 Rg7 43. Be6 Rg6 44. Bf7 Rg7 1/2-1/2

[Event "3MCR_4D_1L_3S"]
[Site "?"]
[Date "1999.??.??"]
[Round "3"]
[White "Hala, Martin"]
[Black "Svihel, Karel"]
[Result "1/2-1/2"]
[WhiteElo "2435"]
[BlackElo "2300"]
[PlyCount "96"]
[EventDate "1999.??.??"]
[EventType "corr"]

1. e4 c5 2. c3 d5 3. exd5 Qxd5 4. d4 Nf6 5. Nf3 Bg4 6. Nbd2 Nc6 7. Bc4 Bxf3 8.
gxf3 Qf5 9. Nb3 e6 10. Be3 O-O-O 11. Qe2 cxd4 12. Nxd4 Nxd4 13. Bxd4 Bc5 14.
Bd3 Qg5 15. Bxc5 Qxc5 16. O-O-O Nd5 17. Bc2 Qc7 18. Rd4 Nf4 19. Rxd8+ Rxd8 20.
Qe3 Kb8 21. Rd1 Rxd1+ 22. Kxd1 g6 23. Be4 f5 24. Bc2 Qd6+ 25. Kc1 g5 26. Bb3 h6
27. Bc4 b6 28. Kc2 Kc7 29. a3 Kd7 30. Bf1 Ke7 31. Qd2 Qc6 32. Qd4 Kf7 33. Qh8
Ng6 34. Qh7+ Kf6 35. Qxa7 Qc5 36. Kb3 Qxf2 37. Bb5 Qc5 38. a4 Qd5+ 39. Kc2 Qd6
40. h3 Nh4 41. Qa8 Ke5 42. b4 Ng2 43. f4+ Nxf4 44. a5 bxa5 45. bxa5 Qc5 46.
Qb8+ Ke4 47. Qb6 Qe5 48. a6 Nd5 1/2-1/2

[Event "3MCR_4D_1L_3S"]
[Site "?"]
[Date "1999.??.??"]
[Round "3"]
[White "Fiala, Jaroslav"]
[Black "Adamcik, Martin"]
[Result "1/2-1/2"]
[WhiteElo "2445"]
[BlackElo "2215"]
[PlyCount "80"]
[EventDate "1999.??.??"]
[EventType "corr"]

1. e4 c5 2. Nf3 Nc6 3. Bb5 g6 4. O-O Bg7 5. c3 Nf6 6. Re1 O-O 7. d4 d5 8. e5
Ne4 9. Bxc6 bxc6 10. Nbd2 Nxd2 11. Nxd2 cxd4 12. cxd4 c5 13. dxc5 Qc7 14. Nf3
Qxc5 15. Be3 Qb5 16. Qd4 Bf5 17. Rac1 Rfb8 18. b3 Qa5 19. Qb2 Bg4 20. Nd4 Rc8
21. Bd2 Qb6 22. h3 Rxc1 23. Bxc1 Bd7 24. Qd2 Rc8 25. Ba3 e6 26. Bb4 Qc7 27. f4
Qd8 28. Qe3 Bh6 29. Qf2 Qb6 30. Be7 Bb5 31. Rd1 a5 32. Kh2 Re8 33. Bd6 Rc8 34.
Qh4 Bg7 35. Nxb5 Qxb5 36. Rc1 Qa6 37. Rc7 h6 38. Qe7 Rf8 39. Qd7 Qf1 40. Qa4
Ra8 1/2-1/2

[Event "3MCR_4D_1L_3S"]
[Site "?"]
[Date "1999.??.??"]
[Round "3"]
[White "Sedlacek, Tomas"]
[Black "Hybl, Vladislav"]
[Result "1/2-1/2"]
[WhiteElo "2190"]
[BlackElo "2200"]
[PlyCount "90"]
[EventDate "1999.??.??"]
[EventType "corr"]

1. d4 Nf6 2. Nf3 c5 3. c3 e6 4. Bg5 b6 5. e3 Bb7 6. Nbd2 Be7 7. Bd3 O-O 8. O-O
d5 9. Ne5 Nbd7 10. Qf3 Nxe5 11. dxe5 Nd7 12. Qh3 h6 13. Bxe7 Qxe7 14. f4 f6 15.
exf6 Rxf6 16. Nf3 e5 17. Bb5 e4 18. Qxd7 Qxd7 19. Bxd7 exf3 20. g3 h5 21. Ba4
Rd8 22. Bd1 d4 23. exd4 cxd4 24. cxd4 Rxd4 25. Bxf3 Bxf3 26. Rxf3 h4 27. Raf1
Kf7 28. Kg2 hxg3 29. hxg3 a5 30. R1f2 b5 31. Rc3 Rfd6 32. Rc5 R4d5 33. Rxd5
Rxd5 34. Rc2 a4 35. Kf3 Rd3+ 36. Kg4 a3 37. b4 Rd4 38. Kf5 Rxb4 39. Rc7+ Kf8
40. Ra7 Rc4 41. Rxa3 Rc5+ 42. Kg6 Rc6+ 43. Kg5 b4 44. Ra8+ Kf7 45. Ra7+ Kf8
1/2-1/2

[Event "3MCR_4D_1L_3S"]
[Site "?"]
[Date "1999.??.??"]
[Round "3"]
[White "Hala, Martin"]
[Black "Soucha, Stepan"]
[Result "1/2-1/2"]
[WhiteElo "2435"]
[BlackElo "2265"]
[PlyCount "104"]
[EventDate "1999.??.??"]
[EventType "corr"]

1. e4 e5 2. Nf3 Nc6 3. Bb5 a6 4. Ba4 Nf6 5. O-O Be7 6. Re1 b5 7. Bb3 d6 8. c3
O-O 9. h3 Bb7 10. d4 Re8 11. Nbd2 Bf8 12. a4 h6 13. Bc2 exd4 14. cxd4 Nb4 15.
Bb1 c5 16. d5 Nd7 17. Ra3 c4 18. Nh2 Ne5 19. Rg3 Nbd3 20. Re2 f5 21. exf5 Bxd5
22. Ng4 Nxg4 23. Rxe8 Qxe8 24. Rxg4 Qe5 25. f6 Re8 26. Nf3 Qe2 27. Qd2 Bxf3 28.
gxf3 Qxd2 29. Bxd2 Re2 30. Bc3 b4 31. Rxc4 bxc3 32. Bxd3 cxb2 33. Rc7 gxf6 34.
Rb7 Rd2 35. Bf5 d5 36. Rb8 Kf7 37. Rb7+ Be7 38. Kf1 a5 39. Ke1 Rd4 40. Rxb2
Rxa4 41. Rb5 Bb4+ 42. Ke2 Ra2+ 43. Ke3 Ra3+ 44. Ke2 d4 45. Rb7+ Kf8 46. Bg6
Ra2+ 47. Kd3 Rxf2 48. Bh5 Rd2+ 49. Ke4 Rd1 50. f4 Rh1 51. Bg4 Bc3 52. Rd7 a4
1/2-1/2

[Event "3MCR_4D_1L_3S"]
[Site "?"]
[Date "1999.??.??"]
[Round "3"]
[White "Fiala, Jaroslav"]
[Black "Vicenec, Roman"]
[Result "1-0"]
[WhiteElo "2445"]
[BlackElo "2000"]
[PlyCount "83"]
[EventDate "1999.??.??"]
[EventType "corr"]

1. d4 d5 2. Nf3 Nf6 3. c4 c6 4. Nc3 e6 5. e3 Nbd7 6. Bd3 dxc4 7. Bxc4 b5 8. Be2
Bb7 9. O-O b4 10. Na4 Be7 11. a3 a5 12. Qc2 O-O 13. Rd1 c5 14. Nxc5 Nxc5 15.
dxc5 Qc7 16. axb4 axb4 17. Bd2 Qxc5 18. Qxc5 Bxc5 19. Ne5 Be7 20. f3 Rfd8 21.
Rxa8 Rxa8 22. Kf2 Bd6 23. Nd3 b3 24. Bb4 Bxh2 25. g3 Nh5 26. Bd6 Rd8 27. Bc7
Rc8 28. Nb4 f6 29. Bd6 e5 30. g4 Ng3 31. Bb5 h5 32. Bd7 hxg4 33. Bxc8 Bxf3 34.
Rd3 Ne4+ 35. Kf1 g3 36. Be6+ Kh7 37. Bh3 Nf2 38. Bg2 Nxd3 39. Nxd3 e4 40. Nc5
f5 41. Nxb3 Kg6 42. Nc5 1-0

[Event "3MCR_4D_1L_3S"]
[Site "?"]
[Date "1999.??.??"]
[Round "3"]
[White "Pletanek, Jan"]
[Black "Hala, Martin"]
[Result "1-0"]
[WhiteElo "2445"]
[BlackElo "2435"]
[PlyCount "113"]
[EventDate "1999.??.??"]
[EventType "corr"]

1. e4 e5 2. Nf3 Nc6 3. Bb5 f5 4. Nc3 fxe4 5. Nxe4 d5 6. Nxe5 dxe4 7. Nxc6 Qg5
8. Qe2 Nf6 9. f4 Qh4+ 10. g3 Qh3 11. Ne5+ c6 12. Bc4 Bc5 13. d3 Ng4 14. Nf7
Bf2+ 15. Kd1 e3 16. Qf3 Nf6 17. f5 Rf8 18. Bxe3 Qg4 19. Nd6+ Kd7 20. Qxg4 Nxg4
21. Bf4 g5 22. Be6+ Kc7 23. Nxc8+ gxf4 24. Ke2 Bd4 25. Raf1 Bf6 26. Rxf4 Ne5
27. Rd4 Raxc8 28. Bxc8 Kxc8 29. c3 Nd7 30. Rg4 Nc5 31. Rd1 Na6 32. d4 Nc7 33.
Re4 Kd7 34. g4 Kd6 35. Kd3 Rf7 36. Rg1 h6 37. c4 a6 38. b3 Rf8 39. Rg3 Bg5 40.
Rg2 Bf6 41. Rge2 Rf7 42. Ke3 Rf8 43. Kf3 Rf7 44. Kg3 Kd7 45. h4 Rf8 46. Kh3 Rh8
47. Kg3 Rh7 48. Rh2 Rh8 49. Kf4 Rg8 50. Rh1 Rg7 51. Re2 Rh7 52. Ree1 Rg7 53.
Reg1 Bxd4 54. Rd1 c5 55. g5 hxg5+ 56. hxg5 Ne8 57. f6 1-0

[Event "3MCR_4D_1L_3S"]
[Site "?"]
[Date "1999.??.??"]
[Round "3"]
[White "Adamcik, Martin"]
[Black "Hala, Martin"]
[Result "1/2-1/2"]
[WhiteElo "2215"]
[BlackElo "2435"]
[PlyCount "81"]
[EventDate "1999.??.??"]
[EventType "corr"]

1. d4 Nf6 2. c4 g6 3. Nf3 Bg7 4. g3 O-O 5. Bg2 d6 6. O-O Nc6 7. d5 Na5 8. Nfd2
c5 9. Nc3 a6 10. Qc2 Rb8 11. b3 b5 12. Bb2 e5 13. dxe6 fxe6 14. cxb5 axb5 15.
Nce4 Bb7 16. Rad1 Qe7 17. Nxf6+ Bxf6 18. Bxf6 Rxf6 19. Ne4 Bxe4 20. Qxe4 b4 21.
Qd3 Rb6 22. f4 Rf8 23. e4 Rd8 24. f5 Nc6 25. Qc4 Ne5 26. Qxe6+ Qxe6 27. fxe6
Rf8 28. e7 Re8 29. Rf6 Nf7 30. e5 Nxe5 31. Rfxd6 Rxd6 32. Rxd6 Rxe7 33. Rd5 Ng4
34. Bf3 Ne5 35. Be2 Nf7 36. Kf2 Rc7 37. Ke3 Kf8 38. Bc4 Ke7 39. Kf4 Kf6 40. h4
h6 41. Rd2 1/2-1/2

[Event "3MCR_4D_1L_3S"]
[Site "?"]
[Date "1999.??.??"]
[Round "3"]
[White "Svihel, Karel"]
[Black "Symersky, Petr"]
[Result "1/2-1/2"]
[WhiteElo "2300"]
[BlackElo "2200"]
[PlyCount "100"]
[EventDate "1999.??.??"]
[EventType "corr"]

1. e4 e5 2. Nf3 Nc6 3. Bb5 a6 4. Ba4 Nf6 5. O-O Be7 6. Re1 b5 7. Bb3 O-O 8. a4
Bb7 9. d3 d6 10. c3 Na5 11. Bc2 c5 12. Nbd2 Qc7 13. Nf1 Rfd8 14. Ng3 Bf8 15.
Bg5 Be7 16. Nf5 h6 17. Bh4 Rdc8 18. Nd2 Bd8 19. Qf3 Ne8 20. Bxd8 Rxd8 21. Qg4
Kh7 22. Re3 Bc8 23. Rh3 Be6 24. Qh5 Nf6 25. Qg5 Bxf5 26. Qxf5+ Kg8 27. Rg3 Qe7
28. Nf3 Qe6 29. Nh4 b4 30. Qf3 bxc3 31. Nf5 Ne8 32. bxc3 Rab8 33. Qe3 Kf8 34.
d4 cxd4 35. cxd4 Rdc8 36. Bd3 Nb3 37. Rd1 exd4 38. Nxd4 Nxd4 39. Qxd4 Rc6 40.
Re3 Rbc8 41. f4 Qg4 42. Rf3 Nf6 43. Be2 Qe6 44. e5 dxe5 45. fxe5 Ne8 46. Rdf1
R8c7 47. Rf4 Rc1 48. a5 Kg8 49. Rxc1 Rxc1+ 50. Rf1 Qc6 1/2-1/2

[Event "3MCR_4D_1L_3S"]
[Site "?"]
[Date "1999.??.??"]
[Round "3"]
[White "Sedlacek, Tomas"]
[Black "Soucha, Stepan"]
[Result "0-1"]
[WhiteElo "2190"]
[BlackElo "2265"]
[PlyCount "98"]
[EventDate "1999.??.??"]
[EventType "corr"]

1. d4 d5 2. Nf3 Nf6 3. Bf4 c5 4. e3 Nc6 5. c3 Qb6 6. Qb3 c4 7. Qc2 Bf5 8. Qc1
e6 9. Nbd2 h6 10. Be2 Be7 11. h3 Qa5 12. Bd1 O-O 13. O-O Rfc8 14. Bc2 Bxc2 15.
Qxc2 b5 16. Rfe1 b4 17. e4 Qb5 18. Ne5 a5 19. Nxc6 Rxc6 20. Be5 Rb6 21. Rac1 a4
22. cxb4 Qxb4 23. Rb1 Rc6 24. Re3 Qb7 25. Bxf6 Bxf6 26. exd5 exd5 27. Rbe1 g6
28. Nf3 Kg7 29. Re8 Rxe8 30. Rxe8 Rb6 31. Re2 Be7 32. a3 Rb3 33. Ne5 Bd6 34. g3
Qb6 35. Nxg6 Qxd4 36. Kg2 Qd3 37. Nh4 Qxc2 38. Rxc2 Be5 39. Nf5+ Kf6 40. Ne3
Bxb2 41. Nxd5+ Ke5 42. Rxc4 Kxd5 43. Rxa4 Rxa3 44. Rf4 Ke6 45. Rb4 Be5 46. Rh4
Bg7 47. Re4+ Kd6 48. Rf4 Ke7 49. Re4+ Kf8 0-1

[Event "3MCR_4D_1L_3S"]
[Site "?"]
[Date "1999.??.??"]
[Round "3"]
[White "Kropik, Jan"]
[Black "Hladecek, Miloslav"]
[Result "1-0"]
[WhiteElo "2010"]
[BlackElo "2135"]
[PlyCount "115"]
[EventDate "1999.??.??"]
[EventType "corr"]

1. e4 e5 2. Bc4 Nf6 3. d3 c6 4. Nf3 d5 5. Bb3 Bd6 6. Nc3 d4 7. Ne2 O-O 8. O-O
c5 9. Ng3 Nc6 10. Bd2 b5 11. a4 b4 12. Bc4 Bc7 13. Re1 a6 14. h3 Na5 15. Ba2
Bd7 16. Bg5 h6 17. Bxf6 Qxf6 18. Bd5 Rad8 19. Nd2 Nc6 20. Qf3 Qxf3 21. Nxf3 g6
22. Nd2 Kg7 23. Nb3 Bb6 24. a5 Ba7 25. Rf1 f6 26. Ne2 g5 27. Kh2 Ne7 28. Bc4
Bc8 29. Ng3 Kg6 30. Nd2 h5 31. c3 dxc3 32. bxc3 bxc3 33. Nb1 c2 34. Na3 Rd7 35.
Nxc2 h4 36. Ne2 Nc6 37. Nc3 Bb7 38. Nd5 Rb8 39. Rfb1 Nd4 40. Nce3 Rf7 41. Nb6
Rc7 42. Ra2 Nc6 43. Nbd5 Rh7 44. Nf5 Bc8 45. Rxb8 Bxb8 46. g4 Be6 47. Ra1 Bxd5
48. exd5 Nb4 49. Kg2 Rd7 50. Kf3 Bc7 51. Ke4 Kh7 52. Bb3 Rd8 53. Rc1 Bxa5 54.
Rxc5 Bb6 55. Rc1 a5 56. d6 Na6 57. Bc4 Nb4 58. Bb5 1-0

[Event "3MCR_4D_1L_4S"]
[Site "?"]
[Date "1999.??.??"]
[Round "4"]
[White "Kosek, Lubomir"]
[Black "Mares, Vaclav"]
[Result "1/2-1/2"]
[WhiteElo "2045"]
[BlackElo "2135"]
[PlyCount "26"]
[EventDate "1999.??.??"]
[EventType "corr"]

1. e4 e5 2. Nf3 Nc6 3. Bb5 f5 4. exf5 e4 5. Qe2 Qe7 6. Bxc6 dxc6 7. Nd4 Qe5 8.
Nf3 Qe7 9. Nd4 Nf6 10. Nc3 Qe5 11. Nf3 Qe7 12. Nd4 Qe5 13. Nf3 Qe7 1/2-1/2

[Event "3MCR_4D_1L_4S"]
[Site "?"]
[Date "1999.??.??"]
[Round "4"]
[White "Kohout, Vratislav"]
[Black "Gdovin, Jan"]
[Result "1/2-1/2"]
[WhiteElo "2110"]
[BlackElo "2130"]
[PlyCount "32"]
[EventDate "1999.??.??"]
[EventType "corr"]

1. e4 e6 2. d4 d5 3. Nd2 Nf6 4. e5 Nfd7 5. Bd3 c5 6. c3 Nc6 7. Ne2 cxd4 8. cxd4
f6 9. exf6 Nxf6 10. O-O Bd6 11. Nf3 O-O 12. Bf4 Bxf4 13. Nxf4 Ne4 14. Qc1 Ng5
15. Nxg5 Qxg5 16. Ne2 Qf6 1/2-1/2

[Event "3MCR_4D_1L_4S"]
[Site "?"]
[Date "1999.??.??"]
[Round "4"]
[White "Sykora, Josef"]
[Black "Krouzel, Jaroslav"]
[Result "1/2-1/2"]
[WhiteElo "2335"]
[BlackElo "2405"]
[PlyCount "50"]
[EventDate "1999.??.??"]
[EventType "corr"]

1. d4 f5 2. g3 Nf6 3. Bg2 g6 4. c4 Bg7 5. Nc3 O-O 6. Nf3 d6 7. O-O Nc6 8. d5
Ne5 9. Nxe5 dxe5 10. e4 f4 11. gxf4 exf4 12. e5 Ng4 13. e6 Ne5 14. Re1 Nxc4 15.
Re4 Nd6 16. Rxf4 b6 17. h4 Bb7 18. h5 Rxf4 19. Bxf4 Qf8 20. Bg3 Qf5 21. hxg6
hxg6 22. Qf3 Rc8 23. Rc1 Bf6 24. Qxf5 gxf5 25. Rc2 Kg7 1/2-1/2

[Event "3MCR_4D_1L_4S"]
[Site "?"]
[Date "1999.??.??"]
[Round "4"]
[White "Novotny, Josef"]
[Black "Kohout, Vratislav"]
[Result "1-0"]
[WhiteElo "2135"]
[BlackElo "2110"]
[PlyCount "35"]
[EventDate "1999.??.??"]
[EventType "corr"]

1. d4 Nf6 2. c4 e6 3. Nc3 Bb4 4. e3 c5 5. Bd3 O-O 6. Nge2 d6 7. O-O e5 8. Ne4
Qe7 9. a3 Ba5 10. Nxf6+ Qxf6 11. b4 cxb4 12. Bd2 Bb6 13. axb4 exd4 14. exd4
Bxd4 15. Nxd4 Qxd4 16. Be3 Qc3 17. Bd4 Qxb4 18. Ra4 1-0

[Event "3MCR_4D_1L_4S"]
[Site "?"]
[Date "1999.??.??"]
[Round "4"]
[White "Novotny, Josef"]
[Black "Hladik, Josef"]
[Result "1/2-1/2"]
[WhiteElo "2135"]
[BlackElo "2160"]
[PlyCount "46"]
[EventDate "1999.??.??"]
[EventType "corr"]

1. d4 Nf6 2. c4 e6 3. Nc3 Bb4 4. e3 c5 5. Bd3 Nc6 6. Nge2 cxd4 7. exd4 d5 8.
cxd5 Nxd5 9. O-O Bd6 10. Nxd5 exd5 11. Bf4 O-O 12. Bxd6 Qxd6 13. Rc1 Bg4 14. f3
Bd7 15. Qd2 Rfe8 16. Rfe1 Rac8 17. a3 Qf6 18. b4 a6 19. Bc2 Ne7 20. Nf4 Rc4 21.
Re5 Qc6 22. Ree1 Qf6 23. Re5 Qc6 1/2-1/2

[Event "3MCR_4D_1L_4S"]
[Site "?"]
[Date "1999.??.??"]
[Round "4"]
[White "Novotny, Josef"]
[Black "Sykora, Josef"]
[Result "0-1"]
[WhiteElo "2135"]
[BlackElo "2335"]
[PlyCount "70"]
[EventDate "1999.??.??"]
[EventType "corr"]

1. e4 c6 2. Nc3 d5 3. Nf3 Bg4 4. h3 Bxf3 5. Qxf3 e6 6. d3 Nd7 7. a3 g6 8. g3
Bg7 9. Bg2 Ngf6 10. O-O O-O 11. Qe3 Nh5 12. Ne2 f5 13. f4 fxe4 14. dxe4 Qb6 15.
e5 Bh8 16. Qxb6 axb6 17. g4 Ng7 18. Be3 Ne8 19. Rad1 b5 20. Nd4 Nc7 21. Nf3 Bg7
22. c3 Bh6 23. g5 Bg7 24. Nh2 Kf7 25. Ng4 Rh8 26. Rd2 Rad8 27. Rfd1 Na8 28. b3
Nab6 29. Rb1 Bf8 30. Ra1 Ra8 31. Rda2 Bc5 32. Bd4 Be7 33. Kh1 Nc5 34. Rd1 Ra6
35. Rb1 Rha8 0-1

[Event "3MCR_4D_1L_4S"]
[Site "?"]
[Date "1999.??.??"]
[Round "4"]
[White "Krouzel, Jaroslav"]
[Black "Mares, Vaclav"]
[Result "1-0"]
[WhiteElo "2405"]
[BlackElo "2135"]
[PlyCount "41"]
[EventDate "1999.??.??"]
[EventType "corr"]

1. d4 Nf6 2. c4 e5 3. dxe5 Ng4 4. Bf4 Bb4+ 5. Nd2 d6 6. exd6 Qf6 7. Nh3 Nxf2 8.
Kxf2 Bxh3 9. g3 Bc5+ 10. Ke1 Bxf1 11. Ne4 Qxb2 12. Kxf1 cxd6 13. Bxd6 Bb6 14.
c5 Bd8 15. Rb1 Qxa2 16. Rxb7 Nc6 17. Kg2 Qc4 18. Qb1 Nd4 19. Rf1 f5 20. Nc3 Qe6
21. e4 1-0

[Event "3MCR_4D_1L_4S"]
[Site "?"]
[Date "1999.??.??"]
[Round "4"]
[White "Krouzel, Jaroslav"]
[Black "Novotny, Josef"]
[Result "1-0"]
[WhiteElo "2405"]
[BlackElo "2135"]
[PlyCount "63"]
[EventDate "1999.??.??"]
[EventType "corr"]

1. d4 Nf6 2. c4 e6 3. Nc3 Bb4 4. e3 c5 5. Nge2 cxd4 6. exd4 d5 7. c5 Ne4 8. Bd2
Nxd2 9. Qxd2 a5 10. a3 Bxc3 11. Nxc3 a4 12. Bd3 Bd7 13. O-O b6 14. Rfe1 O-O 15.
Rac1 bxc5 16. dxc5 Qa5 17. Re3 f5 18. Rg3 Rf7 19. Be2 Nc6 20. Qd1 Ne7 21. Na2
Rc8 22. Rgc3 e5 23. Nb4 d4 24. R3c2 Be6 25. f4 Qc7 26. fxe5 Qxe5 27. Bc4 Bxc4
28. Rxc4 Rd8 29. c6 Nc8 30. Kh1 Rc7 31. Qd3 Nb6 32. Rc5 1-0